[Event "28.Schlosspark-Open"]
[Site "Wiesbaden-Biebrich"]
[Date "2016.08.27"]
[Round "4.29"]
[White "Schmidt, Volker"]
[Black "Berberich, Christoph"]
[Result "1-0"]
[WhiteElo "1909"]
[BlackElo "2026"]
[PlyCount "79"]
[EventDate "2016.??.??"]
[WhiteTeam "TuS Dotzheim"]
[BlackTeam "FSF 1887 ZÃ¤hringen"]

1. c4 Nf6 2. g3 g6 3. Bg2 Bg7 4. Nc3 O-O 5. e4 e5 6. Nge2 d6 7. O-O a5 8. d3 h6
9. h3 c6 10. b3 Be6 11. Ba3 Qd7 12. Kh2 Re8 13. Rc1 b5 14. cxb5 cxb5 15. Nd5
Bxd5 16. exd5 b4 17. Bb2 a4 18. Qd2 Qb5 19. Rc4 axb3 20. axb3 Ra2 21. Nc1 Ra5
22. Rxb4 Qa6 23. Bc3 Rc5 24. d4 Rxc3 25. Qxc3 Nxd5 26. Bxd5 Qxf1 27. Qf3 Kh8
28. Nd3 f5 29. dxe5 dxe5 30. Bc4 e4 31. Qf4 Nc6 32. Ne5 Qe1 33. Nxc6 g5 34.
Qxf5 Rf8 35. Rb8 Rxb8 36. Nxb8 Qb4 37. Nc6 Qd6 38. Qxe4 h5 39. Qe6 Qf8 40. Qf7
1-0

[Event "28.Schlosspark-Open"]
[Site "Wiesbaden-Biebrich"]
[Date "2016.08.27"]
[Round "4.30"]
[White "Kolker, Vladislav"]
[Black "Eg, Karlheinz"]
[Result "1/2-1/2"]
[WhiteElo "2023"]
[BlackElo "1817"]
[PlyCount "35"]
[EventDate "2016.??.??"]
[WhiteTeam "SC Bad Nauheim"]
[BlackTeam "SV Rüsselsheim"]

1. e4 e5 2. f4 exf4 3. Nf3 Be7 4. Bc4 Bh4+ 5. Kf1 d6 6. d4 Bg4 7. Bxf4 Ne7 8.
h3 Bxf3 9. Qxf3 O-O 10. g3 Ng6 11. gxh4 Qf6 12. Nc3 Qxf4 13. Qxf4 Nxf4 14. Rh2
c6 15. Rf2 Ne6 16. d5 Nc5 17. Kg2 b5 18. b4 1/2-1/2

[Event "28.Schlosspark-Open"]
[Site "Wiesbaden-Biebrich"]
[Date "2016.08.27"]
[Round "4.31"]
[White "Schmitt, Carsten"]
[Black "Grieb, Lukas"]
[Result "1-0"]
[WhiteElo "2008"]
[BlackElo "1813"]
[PlyCount "65"]
[EventDate "2016.??.??"]
[WhiteTeam "SV Bergwinkel"]
[BlackTeam "SK Gau-Algesheim"]

1. c4 e5 2. g3 Nc6 3. Bg2 d6 4. Nc3 Be6 5. Nd5 f5 6. d3 Nf6 7. e4 fxe4 8. dxe4
Be7 9. Ne2 Qd7 10. h3 Na5 11. Qd3 c6 12. Ne3 b5 13. cxb5 cxb5 14. Nc3 a6 15.
Ncd5 Nxd5 16. exd5 Bf7 17. Be4 g6 18. b4 Nb7 19. Bb2 Bf6 20. f4 Qe7 21. Ng4 Rc8
22. O-O Bg7 23. Rae1 O-O 24. f5 gxf5 25. Bxf5 Rc4 26. Bxh7+ Kh8 27. a3 Bxd5 28.
Qxd5 Kxh7 29. Rxf8 Bxf8 30. Rf1 Rc7 31. Nf6+ Kg6 32. Qe4+ Kf7 33. Nd5+ 1-0

[Event "28.Schlosspark-Open"]
[Site "Wiesbaden-Biebrich"]
[Date "2016.08.27"]
[Round "4.32"]
[White "Lang, Micha"]
[Black "Gentner, Markus"]
[Result "0-1"]
[WhiteElo "1897"]
[BlackElo "2005"]
[PlyCount "122"]
[EventDate "2016.??.??"]
[WhiteTeam "SC Weiterstadt"]
[BlackTeam "SC Murrhardt"]

1. c4 Nf6 2. Nc3 c5 3. Nf3 d5 4. cxd5 Nxd5 5. g3 Nc6 6. Bg2 Nc7 7. O-O e5 8. a3
Be7 9. b4 cxb4 10. axb4 Bxb4 11. Nxe5 Nxe5 12. Qa4+ Nc6 13. Bxc6+ bxc6 14. Qxb4
Qe7 15. Qc4 Qe6 16. Qc5 Na6 17. Qd4 O-O 18. Ba3 Re8 19. Bc5 Nxc5 20. Qxc5 Qe7
21. Ra5 Bh3 22. Qxe7 Rxe7 23. Rfa1 Kf8 24. f3 Be6 25. Kf2 Ke8 26. d3 f5 27. Na4
Kd8 28. Rc1 Rc8 29. Nc5 Bf7 30. Na6 Be6 31. Nb4 Rec7 32. Rcc5 Kd7 33. d4 Rb7
34. Nd3 Rcc7 35. Rc3 Rb1 36. h4 Kd6 37. Nf4 Bd7 38. Rac5 Rb5 39. Ke3 Rcb7 40.
Nd3 Rxc5 41. Rxc5 Rb5 42. Rc3 Be6 43. Nc5 Bf7 44. Ra3 a5 45. Kd3 Kc7 46. e4
fxe4+ 47. fxe4 Kb6 48. Kc3 Rb1 49. Kc2 Rg1 50. Re3 Kb5 51. Rf3 Bh5 52. Rc3 Rg2+
53. Kc1 Kb4 54. Re3 a4 55. Nd3+ Kc4 56. Nb2+ Kxd4 57. Ra3 Kxe4 58. Rxa4+ Kf3
59. Ra3+ Kg4 60. Nd3 Rxg3 61. Nf2+ Kxh4 0-1

[Event "28.Schlosspark-Open"]
[Site "Wiesbaden-Biebrich"]
[Date "2016.08.27"]
[Round "4.33"]
[White "Stork, Oliver"]
[Black "Neuhoff, Ulrich"]
[Result "1-0"]
[WhiteElo "1990"]
[BlackElo "1776"]
[PlyCount "51"]
[EventDate "2016.??.??"]
[WhiteTeam "SV Oberursel"]
[BlackTeam "SG Rheinbreitbach"]

1. c4 b6 2. Nc3 Bb7 3. d4 e6 4. a3 Nf6 5. d5 d6 6. g3 exd5 7. cxd5 g6 8. Bg2
Bg7 9. Nh3 O-O 10. O-O Bc8 11. Nf4 Re8 12. Qc2 Nbd7 13. b4 Ne5 14. Nb5 Bd7 15.
Nd4 b5 16. a4 a6 17. axb5 Bxb5 18. Bb2 Nc4 19. Bc3 Qd7 20. Rfe1 Ng4 21. Bh3 f5
22. Nfe6 Nf6 23. Nxg7 Kxg7 24. Ne6+ Rxe6 25. dxe6 Qxe6 26. e4 1-0

[Event "28.Schlosspark-Open"]
[Site "Wiesbaden-Biebrich"]
[Date "2016.08.27"]
[Round "4.34"]
[White "Berger, Ewald"]
[Black "Held, Carsten"]
[Result "0-1"]
[WhiteElo "1886"]
[BlackElo "1989"]
[PlyCount "61"]
[EventDate "2016.??.??"]
[WhiteTeam "SC Butzbach"]
[BlackTeam "SC Ladja RoÃŸdorf"]

1. c4 g6 2. Nc3 Bg7 3. g3 c5 4. Bg2 Nc6 5. Nf3 d6 6. O-O e5 7. d3 Nge7 8. Nh4
O-O 9. Rb1 Be6 10. Bg5 f6 11. Be3 Rc8 12. Qd2 b6 13. Bh6 Bxh6 14. Qxh6 g5 15.
Be4 Rf7 16. Nd5 Bxd5 17. cxd5 Nd4 18. e3 Ne2+ 19. Kh1 gxh4 20. Qxh4 f5 21. Bf3
Nxg3+ 22. Qxg3+ Rg7 23. Qh3 Qf8 24. Rg1 Qf6 25. e4 Rf8 26. Rxg7+ Kxg7 27. Rg1+
Kh8 28. Qh5 Ng6 29. Qg5 Kg7 30. exf5 Qxf5 31. Be4 0-1

[Event "28.Schlosspark-Open"]
[Site "Wiesbaden-Biebrich"]
[Date "2016.08.27"]
[Round "4.35"]
[White "FrÃ¶hlich-Dill, Astrid"]
[Black "Junker, Christian"]
[Result "1-0"]
[WhiteElo "1813"]
[BlackElo "1981"]
[PlyCount "75"]
[EventDate "2016.??.??"]
[WhiteTeam "SV Hofheim"]
[BlackTeam "SV Neu-Isenburg"]

1. d4 f5 2. c4 e6 3. Nf3 Nf6 4. g3 Be7 5. Nc3 d5 6. Bg2 c6 7. c5 b6 8. b4 a5 9.
Na4 bxc5 10. bxc5 Nfd7 11. Rb1 Na6 12. Bd2 Rb8 13. O-O Rxb1 14. Qxb1 O-O 15.
Rc1 e5 16. Nxe5 Nxe5 17. dxe5 g5 18. e3 Qe8 19. Bf1 Bd8 20. Nb6 Bc7 21. Nxc8
Qxc8 22. f4 Kf7 23. Bxa6 Qxa6 24. Qxf5+ Ke8 25. Qe6+ Kd8 26. Qh6 Ke8 27. Qh5+
Kd7 28. Qxh7+ Kc8 29. e6 Rd8 30. e7 Re8 31. Qf5+ Kb7 32. Qd7 Qd3 33. Qxe8 Qxd2
34. Qxc6+ Kxc6 35. e8=Q+ Kb7 36. Rb1+ Ka7 37. c6 Bb6 38. Qd7+ 1-0

[Event "28.Schlosspark-Open"]
[Site "Wiesbaden-Biebrich"]
[Date "2016.08.27"]
[Round "4.36"]
[White "Hahn, Florian"]
[Black "Donecker, Stefan"]
[Result "1-0"]
[WhiteElo "2145"]
[BlackElo "1814"]
[PlyCount "34"]
[EventDate "2016.??.??"]
[WhiteTeam "SC Herborn"]
[BlackTeam "TuS Dotzheim"]

1. d4 d5 2. Nf3 Nc6 3. e3 Bf5 4. Bb5 a6 5. Bxc6+ bxc6 6. c4 f6 7. Nbd2 e6 8.
Qa4 Qd7 9. Nb3 Bc2 10. Bd2 Bxb3 11. Qxb3 Qc8 12. Rc1 Rb8 13. Qa4 Rxb2 14. cxd5
exd5 15. Qxc6+ Qd7 16. Qxa6 Ne7 17. O-O g5 1-0

[Event "28.Schlosspark-Open"]
[Site "Wiesbaden-Biebrich"]
[Date "2016.08.27"]
[Round "4.37"]
[White "Reinecke, Katharina"]
[Black "Pioch, Thomas"]
[Result "1/2-1/2"]
[WhiteElo "1788"]
[BlackElo "2135"]
[PlyCount "49"]
[EventDate "2016.??.??"]
[WhiteTeam "SK Langen"]
[BlackTeam "SF Mainz"]

1. d4 e6 2. c4 f5 3. Nf3 Nf6 4. g3 d5 5. b3 c6 6. Bg2 Bd6 7. O-O Qe7 8. Bb2
Nbd7 9. Qc1 Ne4 10. Ba3 Bxa3 11. Nxa3 a5 12. Qb2 O-O 13. Nc2 g6 14. Nce1 Nd6
15. Rc1 Nf7 16. Nd3 Re8 17. Rfd1 g5 18. Rc2 g4 19. Nfe5 Nfxe5 20. dxe5 Qg7 21.
f4 Qe7 22. cxd5 exd5 23. Qd4 Nf8 24. Nc5 Ne6 25. Nxe6 1/2-1/2

[Event "28.Schlosspark-Open"]
[Site "Wiesbaden-Biebrich"]
[Date "2016.08.27"]
[Round "4.38"]
[White "Weiland, Thomas"]
[Black "Poghosyan, Tigran"]
[Result "1/2-1/2"]
[WhiteElo "1800"]
[BlackElo "2088"]
[PlyCount "89"]
[EventDate "2016.??.??"]
[WhiteTeam "SV Oberursel"]
[BlackTeam "LÃ¼becker SV"]

1. e4 c5 2. Nf3 d6 3. c3 Nf6 4. e5 dxe5 5. Nxe5 Nbd7 6. Bb5 a6 7. Nxd7 Nxd7 8.
Be2 Nf6 9. d4 cxd4 10. Qxd4 Qxd4 11. cxd4 Bg4 12. Bxg4 Nxg4 13. Nc3 Rd8 14. h3
Nf6 15. Be3 e6 16. a3 Be7 17. O-O O-O 18. Rfd1 Rd7 19. Rd2 Rfd8 20. Rad1 h6 21.
Kf1 Kh7 22. Ke2 g5 23. g4 Kg6 24. f3 Bf8 25. Rh1 Rc7 26. Rd3 Bg7 27. f4 Nd5 28.
Nxd5 Rxd5 29. fxg5 hxg5 30. Rhd1 Rc2+ 31. R1d2 Rc1 32. Rd1 Rc2+ 33. R1d2 Rc7
34. Bf2 Rcd7 35. Be3 f5 36. Bf2 Bf6 37. Be3 Rh7 38. Bg1 fxg4 39. hxg4 Rh4 40.
Kf3 Bg7 41. Bf2 Rh8 42. Bg3 Rf8+ 43. Ke4 Rh8 44. Rh2 Rhd8 45. Rhd2 1/2-1/2

[Event "28.Schlosspark-Open"]
[Site "Wiesbaden-Biebrich"]
[Date "2016.08.27"]
[Round "4.39"]
[White "Papadopoulos, Ioannis"]
[Black "Werner, Dimo"]
[Result "1/2-1/2"]
[WhiteElo "1762"]
[BlackElo "2040"]
[PlyCount "54"]
[EventDate "2016.??.??"]
[WhiteTeam "SV Oberursel"]
[BlackTeam "TSV Schott Mainz"]

1. e4 e6 2. d4 d5 3. Nd2 dxe4 4. Nxe4 Bd7 5. Nf3 Bc6 6. Bd3 Nd7 7. O-O Be7 8.
Re1 Ngf6 9. Ng3 Bxf3 10. Qxf3 c6 11. c3 O-O 12. Bf4 Re8 13. Rad1 Nf8 14. Ne4
Ng6 15. Bd2 Nxe4 16. Bxe4 Bg5 17. Bxg5 Qxg5 18. Qg3 Qxg3 19. hxg3 Rad8 20. f4
Ne7 21. Kf2 h5 22. Bf3 g6 23. g4 hxg4 24. Bxg4 Nd5 25. g3 Kg7 26. Bf3 Rh8 27.
Rh1 Rxh1 1/2-1/2

[Event "28.Schlosspark-Open"]
[Site "Wiesbaden-Biebrich"]
[Date "2016.08.27"]
[Round "4.40"]
[White "RÃ¶diger, Thomas"]
[Black "Paeslack, Luis"]
[Result "1-0"]
[WhiteElo "2035"]
[BlackElo "1784"]
[PlyCount "55"]
[EventDate "2016.??.??"]
[WhiteTeam "SC Bad Soden"]
[BlackTeam "SK Mainaschaff"]

1. d4 Nf6 2. c4 c5 3. d5 g6 4. Nc3 d6 5. e4 Bg7 6. Nf3 O-O 7. Be2 Nbd7 8. O-O
Re8 9. h3 Nb6 10. Bf4 Nfd7 11. Qd2 Ne5 12. Nxe5 dxe5 13. Be3 Nd7 14. Rad1 b6
15. Bh6 Bh8 16. h4 Nf8 17. f4 f5 18. exf5 Bxf5 19. g4 Bc8 20. f5 a6 21. h5 Bg7
22. hxg6 hxg6 23. Ne4 Kh7 24. Rf2 gxf5 25. gxf5 Nd7 26. Bxg7 Kxg7 27. Qg5+ Kf8
28. Qh6+ 1-0

[Event "28.Schlosspark-Open"]
[Site "Wiesbaden-Biebrich"]
[Date "2016.08.27"]
[Round "4.42"]
[White "Modric, Vladimir"]
[Black "RoÃŸ, Norbert"]
[Result "1-0"]
[WhiteElo "1986"]
[BlackElo "1789"]
[PlyCount "105"]
[EventDate "2016.??.??"]
[WhiteTeam "SC Nied"]
[BlackTeam "SV Oberursel"]

1. c4 c5 2. g3 g6 3. Bg2 Bg7 4. Nc3 Nc6 5. e3 e6 6. Nge2 Nge7 7. O-O O-O 8. a3
a6 9. Rb1 Rb8 10. b4 cxb4 11. axb4 b5 12. c5 a5 13. bxa5 b4 14. Ne4 Ba6 15. d4
Qxa5 16. Bd2 Nd5 17. Ra1 Qb5 18. Nf4 Nxf4 19. gxf4 Ra8 20. Nd6 Qb8 21. Re1 Ra7
22. Qb3 Bb7 23. Bxb4 Rxa1 24. Rxa1 Nxd4 25. exd4 Bxg2 26. Kxg2 Bxd4 27. Rc1
Qa8+ 28. Qf3 Qa6 29. Qe4 Ba1 30. Bc3 Bxc3 31. Rxc3 f5 32. Qf3 Rb8 33. Ra3 Qc6
34. Qxc6 dxc6 35. Ra6 Rb4 36. Kg3 h5 37. Rxc6 h4+ 38. Kxh4 Rxf4+ 39. Kg5 Rxf2
40. Kxg6 Rg2+ 41. Kf6 f4 42. Rc8+ Kh7 43. Rc7+ Kh6 44. Kxe6 Re2+ 45. Kf6 Rg2
46. Nf5+ Kh5 47. Rh7+ Kg4 48. h3+ Kf3 49. Nh4+ Kf2 50. Nxg2 Kxg2 51. Ke5 f3 52.
c6 f2 53. Rf7 1-0

[Event "28.Schlosspark-Open"]
[Site "Wiesbaden-Biebrich"]
[Date "2016.08.27"]
[Round "4.43"]
[White "Frömbgen, Andreas"]
[Black "Binner, Peter"]
[Result "1/2-1/2"]
[WhiteElo "1953"]
[BlackElo "1751"]
[PlyCount "35"]
[EventDate "2016.??.??"]
[WhiteTeam "SK Gau-Algesheim"]
[BlackTeam "Vorw.Orient Mainz"]

1. c4 Nf6 2. g3 c5 3. Bg2 Nc6 4. e3 e6 5. Ne2 d5 6. cxd5 exd5 7. d4 c4 8. Nbc3
Bb4 9. O-O O-O 10. Qc2 Re8 11. b3 cxb3 12. Qxb3 Be6 13. Ba3 Bxa3 14. Qxa3 Na5
15. Rfc1 Nc4 16. Qb4 Nb6 17. Nf4 Rc8 18. Nxe6 1/2-1/2

[Event "28.Schlosspark-Open"]
[Site "Wiesbaden-Biebrich"]
[Date "2016.08.27"]
[Round "4.44"]
[White "Flach, Helene"]
[Black "Schubert, Wolfgang"]
[Result "1-0"]
[WhiteElo "1712"]
[BlackElo "1931"]
[PlyCount "40"]
[EventDate "2016.??.??"]
[WhiteTeam "SK Langen"]
[BlackTeam "Wiesbadener SV"]

1. e4 c5 2. Nf3 d6 3. Bb5+ Nd7 4. c3 e6 5. O-O Ngf6 6. Re1 Be7 7. d4 cxd4 8.
cxd4 a6 9. Bd3 b5 10. Bf4 O-O 11. a3 Bb7 12. Nc3 Rc8 13. Rc1 Nb6 14. Qe2 Nh5
15. Be3 Nc4 16. Bxc4 Rxc4 17. Nd2 Rxc3 18. Rxc3 Nf6 19. f3 Nd7 20. Rec1 f5 1-0

[Event "28.Schlosspark-Open"]
[Site "Wiesbaden-Biebrich"]
[Date "2016.08.27"]
[Round "4.45"]
[White "Krastev, Alexander"]
[Black "van BÃ¶mmel, Philipp"]
[Result "1-0"]
[WhiteElo "1924"]
[BlackElo "1730"]
[PlyCount "55"]
[EventDate "2016.??.??"]
[WhiteTeam "Biebertaler SF"]
[BlackTeam "SC Hattersheim"]

1. e4 e6 2. Nf3 d5 3. Nc3 Nf6 4. e5 Nfd7 5. d4 c5 6. dxc5 Nc6 7. Bf4 Nxc5 8.
Bd3 Be7 9. O-O O-O 10. Re1 a6 11. a3 b5 12. Qd2 Bb7 13. Bg5 Nd7 14. Bxe7 Qxe7
15. Qe3 Rac8 16. Ne2 Qd8 17. Ned4 Na5 18. b3 Nc6 19. Nxc6 Rxc6 20. Nd4 Rc8 21.
Kh1 Nb8 22. Qh3 g6 23. Qg3 Nc6 24. Nf3 Kg7 25. h4 Ne7 26. h5 Nf5 27. Bxf5 exf5
28. Nd4 1-0

[Event "28.Schlosspark-Open"]
[Site "Wiesbaden-Biebrich"]
[Date "2016.08.27"]
[Round "4.47"]
[White "Ehmann, Johanna"]
[Black "Launert, Martin"]
[Result "0-1"]
[WhiteElo "1667"]
[BlackElo "1880"]
[PlyCount "50"]
[EventDate "2016.??.??"]
[WhiteTeam "SF Sasbach"]
[BlackTeam "Sfr. Erbach"]

1. e4 e5 2. Nf3 Nc6 3. d4 exd4 4. Bc4 Nf6 5. e5 d5 6. Bb5 Ne4 7. Nxd4 Bd7 8.
Bxc6 bxc6 9. O-O Be7 10. f3 Nc5 11. f4 O-O 12. Be3 f6 13. exf6 Rxf6 14. c3 Bd6
15. Ne2 Bg4 16. h3 Qe7 17. Qd2 Ne4 18. Qc2 Bxe2 19. Qxe2 Ng3 20. Qd2 Nxf1 21.
Kxf1 Qe4 22. Kg1 Bxf4 23. Bxf4 Qxf4 24. Qe2 Qc1+ 25. Kh2 Raf8 0-1

[Event "28.Schlosspark-Open"]
[Site "Wiesbaden-Biebrich"]
[Date "2016.08.27"]
[Round "4.48"]
[White "Lesny, Florian"]
[Black "Meyer, Marcel"]
[Result "1-0"]
[WhiteElo "1853"]
[BlackElo "1676"]
[PlyCount "117"]
[EventDate "2016.??.??"]
[WhiteTeam "SK Niederbrechen"]
[BlackTeam "SC Herborn"]

1. e4 c6 2. d4 d5 3. Nc3 dxe4 4. Nxe4 Bf5 5. Ng3 Bg6 6. h4 h6 7. Nf3 Nd7 8. h5
Bh7 9. Bd3 Bxd3 10. Qxd3 Ngf6 11. Bd2 e6 12. O-O-O Bd6 13. Ne4 Nxe4 14. Qxe4
Nf6 15. Qe2 Qc7 16. g3 O-O-O 17. Kb1 Rhe8 18. Ne5 c5 19. c3 Kb8 20. Rc1 Qe7 21.
dxc5 Bxc5 22. Bf4 Ka8 23. c4 Bd6 24. Rcd1 Bb8 25. Qf3 a6 26. Rhe1 Ng8 27. g4
Qf6 28. Qe4 Ne7 29. Bg3 Bxe5 30. Qxe5 Qxe5 31. Bxe5 f6 32. Bc7 Rxd1+ 33. Rxd1
Nc6 34. Rd7 Re7 35. Rxe7 Nxe7 36. Bd6 Nc6 37. Bf8 Ne5 38. Bxg7 Nxg4 39. f3 Ne5
40. Bxh6 Nxf3 41. Bg7 f5 42. Bf6 Nd2+ 43. Kc2 Nxc4 44. h6 Nd6 45. h7 Nf7 46.
h8=Q+ Nxh8 47. Bxh8 Kb8 48. Kd3 Kc7 49. Kd4 Kc6 50. Be5 a5 51. Bf4 b5 52. Ke5
Kc5 53. Kxe6 Kc4 54. Kxf5 Kd3 55. Ke6 b4 56. Kd5 Kc2 57. Be5 Kb1 58. Kc5 Kxa2
59. Kb5 1-0

[Event "28.Schlosspark-Open"]
[Site "Wiesbaden-Biebrich"]
[Date "2016.08.27"]
[Round "4.49"]
[White "Stuhlmann, Florian"]
[Black "Foerster-Yialamas, Lucas"]
[Result "0-1"]
[WhiteElo "1850"]
[BlackElo "1635"]
[PlyCount "48"]
[EventDate "2016.??.??"]
[WhiteTeam "SC Lindenholzhausen"]
[BlackTeam "Big Apple"]

1. d4 Nf6 2. c4 g6 3. Nc3 d5 4. cxd5 Nxd5 5. e4 Nxc3 6. bxc3 Bg7 7. Bg5 c5 8.
Rc1 O-O 9. Nf3 Nc6 10. d5 Ne5 11. Be2 Nxf3+ 12. Bxf3 f5 13. Qb3 Kh8 14. O-O f4
15. g3 h6 16. Bxf4 g5 17. Bxg5 Rxf3 18. Bh4 Bh3 19. Rfd1 Qf8 20. Rc2 Qf7 21.
Qxb7 Rf8 22. Qxe7 Rxg3+ 23. hxg3 Qf3 24. Qxf8+ Bxf8 0-1

[Event "28.Schlosspark-Open"]
[Site "Wiesbaden-Biebrich"]
[Date "2016.08.27"]
[Round "4.50"]
[White "MÃ¼nstermann, Matthias"]
[Black "Klebs, Sebastian"]
[Result "1-0"]
[WhiteElo "1560"]
[BlackElo "1836"]
[PlyCount "49"]
[EventDate "2016.??.??"]
[WhiteTeam "SK Langen"]
[BlackTeam "Karlsruher SF"]

1. d4 d5 2. c4 c6 3. Nf3 e6 4. e3 Nf6 5. Nc3 Nbd7 6. Bd3 dxc4 7. Bxc4 b5 8. Bd3
a6 9. O-O Bb7 10. Ne4 c5 11. Nxf6+ Qxf6 12. b3 Bd6 13. Bb2 e5 14. dxe5 Nxe5 15.
Bxe5 Bxe5 16. Nxe5 Qxe5 17. Qe2 O-O 18. Rfd1 Rfd8 19. a4 b4 20. Rac1 g6 21. Bc4
a5 22. Qg4 h5 23. Qxg6+ Qg7 24. Bxf7+ Kf8 25. Qxg7+ 1-0

[Event "28.Schlosspark-Open"]
[Site "Wiesbaden-Biebrich"]
[Date "2016.08.27"]
[Round "4.51"]
[White "Barg, Harald"]
[Black "Happel, JÃ¼rgen"]
[Result "1/2-1/2"]
[WhiteElo "1820"]
[BlackElo "1565"]
[PlyCount "81"]
[EventDate "2016.??.??"]
[WhiteTeam "SK SchwÃ¤bisch Hall"]
[BlackTeam "SV Hofheim"]

1. d4 d5 2. c4 e6 3. Nc3 c6 4. Nf3 Nf6 5. Bg5 Be7 6. e3 Nbd7 7. Rc1 h6 8. Bh4
O-O 9. Bd3 a6 10. a4 Nb6 11. b3 Nbd7 12. O-O b6 13. cxd5 cxd5 14. Qe2 Bb7 15.
Rc2 Qb8 16. Rfc1 Ba3 17. Bg3 Bd6 18. Na2 Bxg3 19. hxg3 Rc8 20. Rxc8+ Bxc8 21.
Qc2 Ne8 22. Nb4 Bb7 23. Qe2 a5 24. Nc6 Bxc6 25. Rxc6 Ra7 26. Qc2 Rc7 27. Bb5
Rxc6 28. Qxc6 Ndf6 29. Ne5 Qd8 30. f3 g6 31. Kf2 Kg7 32. g4 Qc7 33. Qxc7 Nxc7
34. Bd3 Nfe8 35. Nd7 Na8 36. e4 Nf6 37. Nxf6 Kxf6 38. e5+ Kg7 39. f4 f6 40. f5
gxf5 41. gxf5 1/2-1/2

[Event "28.Schlosspark-Open"]
[Site "Wiesbaden-Biebrich"]
[Date "2016.08.27"]
[Round "4.52"]
[White "Hafensteiner, Tim"]
[Black "Hartel, Sandro"]
[Result "1-0"]
[WhiteElo "1818"]
[BlackElo "1531"]
[PlyCount "63"]
[EventDate "2016.??.??"]
[WhiteTeam "Biebertaler SF"]
[BlackTeam "SC Bendorf"]

1. e4 e5 2. Nf3 Nf6 3. d4 exd4 4. e5 Qe7 5. Be2 Nd5 6. Qxd4 Qb4+ 7. Bd2 Qxd4 8.
Nxd4 Bc5 9. Nb3 Bb4 10. c3 Be7 11. Bf3 Nb6 12. O-O O-O 13. Bf4 Nc6 14. N1d2 f6
15. exf6 Bxf6 16. Bxc7 Ne5 17. Bxb6 Nxf3+ 18. Nxf3 axb6 19. Rfe1 d6 20. a3 Bd7
21. Nbd4 Rfe8 22. Kf1 g5 23. h3 h5 24. Rxe8+ Rxe8 25. Re1 Rf8 26. Ne6 Re8 27.
Nfd4 Kf7 28. Nc7 Rc8 29. Nd5 Bxd4 30. Re7+ Kg6 31. Rxd7 Bf6 32. Rxd6 1-0

[Event "28.Schlosspark-Open"]
[Site "Wiesbaden-Biebrich"]
[Date "2016.08.27"]
[Round "4.53"]
[White "Bayer, Melissa"]
[Black "Schmitt, Clemens"]
[Result "1/2-1/2"]
[WhiteElo "1478"]
[BlackElo "1802"]
[PlyCount "98"]
[EventDate "2016.??.??"]
[WhiteTeam "SK GrÃ¼ndau"]
[BlackTeam "SV Bergwinkel"]

1. e4 e6 2. d4 d5 3. exd5 exd5 4. Bd3 Nc6 5. Nf3 Bg4 6. c3 Bd6 7. Be3 Qd7 8.
Nbd2 Nge7 9. Qc2 Bf5 10. Nb3 Bxd3 11. Qxd3 Qf5 12. Qxf5 Nxf5 13. O-O-O O-O 14.
g4 Nxe3 15. fxe3 Rfe8 16. Rde1 Re4 17. h3 Rae8 18. Kd2 b6 19. Kd3 f6 20. Nbd2
R4e7 21. e4 Bg3 22. Re2 Na5 23. Rg1 Bf4 24. b3 Nb7 25. Rgg2 dxe4+ 26. Rxe4 Rxe4
27. Nxe4 Nd6 28. Re2 Rd8 29. c4 Kf7 30. d5 c6 31. dxc6 Nb5+ 32. Kc2 Nd4+ 33.
Nxd4 Rxd4 34. Kc3 Be5 35. Kc2 Ke7 36. g5 Kd8 37. gxf6 gxf6 38. Nf2 Rh4 39. Rd2+
Kc7 40. Rd7+ Kxc6 41. Rxa7 Bd4 42. Rf7 b5 43. cxb5+ Kxb5 44. Ng4 Rxh3 45. Nxf6
Rh2+ 46. Kd3 Bxf6 47. Rxf6 Rxa2 48. Rh6 Ra7 49. Kc3 Rc7+ 1/2-1/2

[Event "28.Schlosspark-Open"]
[Site "Wiesbaden-Biebrich"]
[Date "2016.08.27"]
[Round "4.54"]
[White "Fischer, Ulrich"]
[Black "Gilg, Alfred"]
[Result "1-0"]
[WhiteElo "1819"]
[BlackElo "1695"]
[PlyCount "55"]
[EventDate "2016.??.??"]
[WhiteTeam "Frankfurter TV"]
[BlackTeam "TuS Dotzheim"]

1. d4 Nf6 2. c4 e6 3. Nc3 d5 4. Nf3 c6 5. e3 Nbd7 6. Qc2 b6 7. Bd3 Be7 8. g4
Bb7 9. g5 dxc4 10. gxf6 cxd3 11. fxe7 Qxe7 12. Qxd3 c5 13. d5 Rd8 14. d6 Qf6
15. e4 h6 16. Bd2 c4 17. Qe2 Nc5 18. O-O-O Nd3+ 19. Kb1 b5 20. Be3 b4 21. Bd4
e5 22. Nd5 Bxd5 23. exd5 O-O 24. Rxd3 cxd3 25. Qxe5 Rxd6 26. Qxf6 gxf6 27. Rg1+
Kh7 28. Bc5 1-0

[Event "28.Schlosspark-Open"]
[Site "Wiesbaden-Biebrich"]
[Date "2016.08.27"]
[Round "4.55"]
[White "Haftmann, Rainer"]
[Black "Bayer, Martin"]
[Result "1-0"]
[WhiteElo "1839"]
[BlackElo "1692"]
[PlyCount "120"]
[EventDate "2016.??.??"]
[WhiteTeam "SG Dietzenbach"]
[BlackTeam "SK GrÃ¼ndau"]

1. e4 e5 2. Nf3 Nc6 3. Bb5 a6 4. Bxc6 dxc6 5. d4 exd4 6. Qxd4 Qxd4 7. Nxd4 Bc5
8. Nb3 Bb6 9. Bf4 Be6 10. N1d2 O-O-O 11. f3 Ne7 12. O-O-O Rd7 13. Nb1 Rhd8 14.
Rxd7 Rxd7 15. Rd1 f6 16. Rxd7 Kxd7 17. Kd2 Bc4 18. Be3 Bxe3+ 19. Kxe3 Bxb3 20.
axb3 b6 21. Nd2 Ke6 22. f4 g6 23. Nf3 c5 24. g4 Nc6 25. c3 Na5 26. Nd2 Nc6 27.
h4 Kf7 28. Nc4 Ke6 29. Kf3 Ne7 30. f5+ Kf7 31. Kf4 Nc6 32. e5 b5 33. e6+ Kf8
34. Ne3 Ne7 35. Ke4 c6 36. Ng2 Kg7 37. Ne3 Kf8 38. fxg6 hxg6 39. h5 gxh5 40.
gxh5 Kg8 41. Nf5 Nd5 42. h6 Kh7 43. e7 Nc7 44. Nd6 Kxh6 45. e8=Q Nxe8 46. Nxe8
Kg5 47. Nd6 a5 48. Nf5 c4 49. bxc4 bxc4 50. Ne3 a4 51. Nxc4 f5+ 52. Kf3 f4 53.
Nb6 Kf5 54. Nxa4 Ke5 55. b3 Kf5 56. Nc5 Ke5 57. Nd3+ Kd5 58. Nxf4+ Kc5 59. Nd3+
Kb5 60. Ke4 c5 1-0

[Event "28.Schlosspark-Open"]
[Site "Wiesbaden-Biebrich"]
[Date "2016.08.27"]
[Round "4.56"]
[White "Ebeling, Leander"]
[Black "BÃ¼hler, Severin"]
[Result "0-1"]
[WhiteElo "1809"]
[BlackElo "1682"]
[PlyCount "102"]
[EventDate "2016.??.??"]
[WhiteTeam "SK Mainaschaff"]
[BlackTeam "Heilbronner SV"]

1. c4 Nf6 2. g3 g6 3. Bg2 Bg7 4. Nc3 O-O 5. Nf3 d6 6. O-O c5 7. a3 Nc6 8. Rb1
Be6 9. d3 d5 10. cxd5 Nxd5 11. Nxd5 Bxd5 12. Be3 c4 13. dxc4 Bxc4 14. Qc2 Be6
15. Rfd1 Qa5 16. Nd4 Nxd4 17. Bxd4 Bf5 18. e4 Rac8 19. Qb3 Bg4 20. f3 Bxd4+ 21.
Rxd4 Qc5 22. Rbd1 e5 23. fxg4 exd4 24. Qxb7 d3+ 25. Kf1 Qc2 26. Bf3 Rb8 27. Qd5
Rxb2 28. Qd4 Rb1 29. Ke1 Rfb8 30. h4 h6 31. h5 gxh5 32. Qd7 d2+ 33. Qxd2 Qxd2+
34. Kxd2 Rd8+ 35. Kc2 Rbxd1 36. Bxd1 Rxd1 37. Kxd1 hxg4 38. Ke2 Kg7 39. Ke3 Kg6
40. Kf4 h5 41. e5 a6 42. a4 a5 43. Ke4 Kg5 44. Kd5 h4 45. gxh4+ Kxh4 46. Kd6 g3
47. Ke7 g2 48. Kxf7 g1=Q 49. e6 Qf2+ 50. Kg6 Qf8 51. Kh7 Qe7+ 0-1

[Event "28.Schlosspark-Open"]
[Site "Wiesbaden-Biebrich"]
[Date "2016.08.27"]
[Round "4.57"]
[White "Maleski, Heinz"]
[Black "Schmieder, Stefan"]
[Result "1-0"]
[WhiteElo "1676"]
[BlackElo "1796"]
[PlyCount "51"]
[EventDate "2016.??.??"]
[WhiteTeam "SV Mainz-Mombach"]
[BlackTeam "SC Bad Soden"]

1. d4 d5 2. Nf3 Nf6 3. Bf4 Bf5 4. e3 e6 5. Be2 Bd6 6. Ne5 O-O 7. O-O c5 8. Nd2
cxd4 9. exd4 Nc6 10. Ndf3 Rc8 11. c3 a6 12. Nxc6 Rxc6 13. Bxd6 Qxd6 14. Bd3
Bxd3 15. Qxd3 b5 16. Ne5 Rc7 17. Rfe1 Qb6 18. a3 a5 19. f3 Rfc8 20. Kh1 b4 21.
axb4 axb4 22. Rec1 bxc3 23. bxc3 Qb2 24. Rab1 Rxc3 25. Rxc3 Rxc3 26. Qd1 1-0

[Event "28.Schlosspark-Open"]
[Site "Wiesbaden-Biebrich"]
[Date "2016.08.27"]
[Round "4.59"]
[White "Anhalt, Albert"]
[Black "Deutsch, Christoph"]
[Result "1-0"]
[WhiteElo "1792"]
[BlackElo "1623"]
[PlyCount "67"]
[EventDate "2016.??.??"]
[WhiteTeam "SG Idstein"]
[BlackTeam "SK GrÃ¼ndau"]

1. e4 e5 2. Nf3 Nc6 3. Bc4 Bc5 4. O-O Nf6 5. b4 Bxb4 6. c3 Be7 7. d4 d6 8. Qc2
O-O 9. Be3 Bg4 10. Nbd2 a6 11. a4 Qd7 12. Rfe1 Bh5 13. h3 Bg6 14. Bd3 exd4 15.
Bxd4 Rfe8 16. Rab1 Rab8 17. Nf1 Nxd4 18. cxd4 c5 19. dxc5 dxc5 20. Ne5 Qd4 21.
Nxg6 hxg6 22. Rbd1 Qe5 23. Nh2 Qc7 24. Nf3 b5 25. axb5 axb5 26. e5 Nd5 27. Bxb5
Nb4 28. Qc4 Red8 29. e6 Bf6 30. Rd7 Rxd7 31. exd7 Rd8 32. Re8+ Kh7 33. Qxf7 g5
34. Qh5# 1-0